000 00548nam a22002057a 4500
003 UA-OsUOA
001 10189
007 ta
008 20050105b un ||||| |||| 00| 0 ukr d
100 _aВитрихівський М.
942 _cSA
040 _aUA-OsUOA
_bukr
_cUA-OsUOA
_dUA-OsUOA
245 _aНа етнічних землях
300 _aС.3
955 _a0
041 _aukr
044 _aUA
773 0 _w0
_tЛітературна Україна
_dКиїв
_d2004
_g№51 /30груд./
650 7 _aМалоросійство
_2UDC
999 _c296350
_d296350